Expression and secretion of barley cysteine endopeptidase B and cellobiohydrolase I in Trichoderma reesei [In Process Citation] /
Bewaard in:
| Andere auteurs: | , , , , |
|---|---|
| Formaat: | Artikel |
| Taal: | English |
| Onderwerpen: | |
| Tags: |
Voeg label toe
Geen labels, Wees de eerste die dit record labelt!
|
| Thư viện lưu trữ: | Thư viện Trường Đại học Đà Lạt |
|---|
| LEADER | 01157nam a2200373 4500 | ||
|---|---|---|---|
| 001 | DLU090096444 | ||
| 005 | ##20091201 | ||
| 040 | # | # | |a DLU |b eng |
| 041 | # | # | |a eng |
| 044 | # | # | |a us |
| 245 | # | # | |a Expression and secretion of barley cysteine endopeptidase B and cellobiohydrolase I in Trichoderma reesei [In Process Citation] / |c M. Nykanen ... [et al.]. |
| 653 | # | # | |a Gene expression |
| 653 | # | # | |a Hordeum vulgare |
| 653 | # | # | |a Immunoelectron microscopy |
| 653 | # | # | |a Immunofluorescence |
| 653 | # | # | |a Intracellular |
| 653 | # | # | |a Recombinant protein |
| 653 | # | # | |a Secretion |
| 653 | # | # | |a Trichoderma reesei |
| 700 | # | # | |a Mikkonen, A. |
| 700 | # | # | |a Nevalainen, K. M. |
| 700 | # | # | |a Nykanen, M. |
| 700 | # | # | |a Raudaskoski, M. |
| 700 | # | # | |a Saarelainen, R. |
| 773 | # | # | |t Applied and Environmental Microbiology |g Vol. 63, no. 12 (December 1997), p. 4927-4937 |
| 920 | # | # | |a Phòng Tạp chí -- Trung tâm Thông tin - Thư viện Trường Đại học Đà Lạt |
| 994 | # | # | |a DLU |
| 900 | # | # | |a True |
| 911 | # | # | |a Trương Bảo Trâm Anh |
| 925 | # | # | |a G |
| 926 | # | # | |a A |
| 927 | # | # | |a BB |
| 980 | # | # | |a Thư viện Trường Đại học Đà Lạt |